000 00691nam a22001817a 4500
001 BD-DhSAU 2803
003 BD-DhSAU
005 20150202150013.0
008 150202b1981 bg a|||| |||| 00| 0 b d
040 _aBD-DhSAU
082 _222
_a৫৩১.১২
_bগোলাস্থি
100 _aকাজী, গোলাম রহিম
245 _aস্থিতিবিদ্যা /
_cগোলাম রহিম কাজী
260 _aঢাকা :
_bলালমাটিয়া মহিলা কলেজ ;
_c১৯৮১।
300 _aviii, ২৮৮ পৃ.:
_bচিএ,
_c২১ সে. মি.
590 _aIMRAN
650 _aস্থিতিবিদ্যা
942 _2ddc
_cBOOK
999 _c2803
_d2803